Élémens de pyrétologie méthodique / (Record no. 165155)

MARC details
000 -LEADER
campo de control de longitud fija 00972nam a22002655i 4500
001 - NÚMERO DE CONTROL
campo de control 165155
003 - IDENTIFICADOR DE NÚMERO DE CONTROL
campo de control ES-MaACL
005 - FECHA Y HORA DE LA ÚLTIMA TRANSACCIÓN
campo de control 20250721200222.0
008 - DATOS DE LONGITUD FIJA--INFORMACIÓN GENERAL
campo de control de longitud fija 020319s1801 fr |||| | fre d
040 ## - FUENTE DE CATALOGACIÓN
Centro catalogador/agencia de origen BA
Lengua de catalogación spa
Centro/agencia transcriptor BA
080 ## - NÚMERO DE LA CLASIFICACIÓN DECIMAL UNIVERSAL
Número de la Clasificación Decimal Universal 616.9
100 1# - ENTRADA PRINCIPAL--NOMBRE DE PERSONA
Nombre de persona Selle, Christian Gottliebd,
Fechas asociadas al nombre 1748-1800
Término indicativo de función/relación Autor
9 (RLIN) 132641
245 10 - MENCIÓN DEL TÍTULO
Título Élémens de pyrétologie méthodique /
Mención de responsabilidad, etc. de Ch. G. Selle... ouvrage traduit sur l'édition originale latine par Jean-Baptiste Montblanc...
260 ## - PUBLICACIÓN, DISTRIBUCIÓN, ETC.
Lugar de publicación, distribución, etc. A Lyon :
Nombre del editor, distribuidor, etc. Chez Reymann et Cª,
Fecha de publicación, distribución, etc. 1801
300 ## - DESCRIPCIÓN FÍSICA
Extensión VIII, 340, [4] páginas ;
Dimensiones 20 cm.
597 #1 - NOTA DE DESCRIPCIÓN FÍSICA
NOTA DE DESCRIPCIÓN FÍSICA Signaturizado
650 #7 - PUNTO DE ACCESO ADICIONAL DE MATERIA--TÉRMINO DE MATERIA
Término de materia o nombre geográfico como elemento de entrada Enfermedades infecciosas
Fuente del encabezamiento o término embne
9 (RLIN) 135986
700 1# - ENTRADA AGREGADA--NOMBRE PERSONAL
Nombre de persona Montblanc, Jean-Baptiste
Término indicativo de función/relación Traductor
9 (RLIN) 130085
752 ## - ENTRADA AGREGADA--NOMBRE JERÁRQUICO DEL LUGAR
País o entidad superior Francia -
Ciudad Lyon
852 ## - LOCALIZACIÓN
Ubicación ES-MaACL
Ubicación en estantería Depósito
Signatura antigua Olim: G-13017
Marcas de propiedad Ex-libris de Mateo Seoane
Número de control de estantería R-1882
Encuadernación Pasta española
942 ## - ELEMENTOS DE ENTRADA SECUNDARIOS (KOHA)
Fuente del sistema de clasificación o colocación Clasificación decimal universal
Tipo de ítem Koha Libro impreso antiguo
Suprimir en OPAC No
Holdings
Estatus retirado Estado de pérdida Estado de daño No para préstamo Colección Biblioteca de origen Biblioteca actual Ubicación en estantería Fecha de adquisición Fuente de adquisición Total de préstamos Signatura topográfica completa Código de barras Visto por última vez Precio de reemplazo Tipo de ítem Koha
        Libros del s. XIX Biblioteca del Ateneo de Madrid Biblioteca del Ateneo de Madrid Depósito 17/01/2008     R-1882 1173171 23/02/2023 23/02/2023 Libro impreso antiguo